|
|
|
|
| LEADER |
00000cam a2200000 7i4500 |
| 001 |
0000004529 |
| 002 |
000004884 |
| 005 |
20000330.0 |
| 020 |
|
|
|a T000000376
|
| 090 |
0 |
0 |
|a 001
|b REA
|
| 245 |
0 |
0 |
|a Reader's Digest library of modern knowledge
|
| 255 |
|
|
|a 3 volumes
|
| 260 |
|
|
|a London :
|b The Reader's Digest ,
|c 1978
|
| 300 |
|
|
|a Pv ;
|c 30cm.
|
| 500 |
|
|
|a Library has three volumes
|
| 650 |
0 |
0 |
|a Encyclopedias and dictionaries
|
| 999 |
|
|
|a 0001077
|b ENSIKLOPEDIA DEWASA
|c RUJUKAN
|e PERPUSTAKAAN KOMUNITI PETALING JAYA
|
| 999 |
|
|
|a 0001078
|b ENSIKLOPEDIA DEWASA
|c RUJUKAN
|e PERPUSTAKAAN KOMUNITI PETALING JAYA
|
| 999 |
|
|
|a 0001079
|b ENSIKLOPEDIA DEWASA
|c RUJUKAN
|e PERPUSTAKAAN KOMUNITI PETALING JAYA
|